000 00761nam a2200217 a 4500
005 20241209122017.0
008 170525s2012 be ||||| |||| 00| 0 eng d
040 _aAKMAL
082 _a338.02012 WCO
090 _a338.02012
_bWCO
245 1 0 _aHarmonized Commodity Description and Coding System : Compendium Of Classification Opinions .
250 _aThird Edition.
260 _aBrussels:
_bWorld Customs Organization,
_c2012.
300 _avarious paging
_c29cm
500 _aContains - Volume 1 - Section I - XV Volume 2 - Section XVI - XXI
650 1 0 _aTariff
_vTerminology and classification.
_98133
650 2 0 _aCommercial products
_vClassification.
_98134
710 2 _aWorld Customs Organization
_95917
942 _2ddc
_cBOOK
950 _lAKMAL
999 _c4166
_d4166